แสดงรายละเอียดบรรณานุกรม
  กลับหน้าหลัก

Brief Record : Get Marc (ISO 2709) : E-mail record : QR code ปิดหน้าต่าง
E-books : เกี่ยวกับ Collections
LEADER 00000nam 2200000uu 4500
001    211461
003     ULIBM
008    020711s2559 th a 000 0 tha d
020    9786161132057
041    ^tha
060  4 W84.6.JT3 ร399 2559
245    [ร่าง]แผนยุทธศาสตร์ทศวรรษการพัฒนาระบบบริการปฐมภูมิ พ.ศ.2559-2569/^cผู้เขียน,คณะทำงานจัดทำแผนยุทธศาสตร์ทศวรรษการพัฒนาระบบบริการปฐมภูมิ;บรรณาธิการ สุพัตรา ศรีวนิชชากร, ทัศนีย์ ญาณะ
260    นนทบุรี :^bมูลนิธิสถาบันวิจัยและพัฒนาระบบสุขภาพชุมชน (มสพช.),^c2559
300    76 หน้า :^bภาพประกอบ ;^c29 ซม.
650  4 บริการปฐมภูมิ (การแพทย์)^zไทย
650  4 ^aบริการทางการแพทย์^zไทย
700 0  ^aสุพัตรา ศรีวนิชชากร,^eบรรณาธิการ
700 0  ^aทัศนีย์ ญาณะ,^eบรรณาธิการ
710 2  ^aคณะทำงานจัดทำแผนยุทธศาสตร์ทศวรรษการพัฒนาระบบบริการปฐมภูมิ
710 2  ^aมูลนิธิสถาบันวิจัยและพัฒนาระบบสุขภาพชุมชน (มสพช.)
999    ^aใช้งานได้ทุกระบบ
รายการนี้ยังไม่มีแท็ก
คุณยังไม่ได้ล็อกอิน คุณสามารถมีกิจกรรมร่วมกับเว็บไซต์ได้ แต่ต้องล็อกอินก่อน ::
  ล็อกอิน
ลำดับที่ ประเภท เลขเรียก สถานที่ สถานะ
1. หนังสือทั่วไป
หนังสือทั่วไป
W84.6.JT3 ร399 2559  
  
หนังสือทั่วไป On Shelf
  ขอยืม
   [แสดง 1/1 รายการ]

BibComment


ยังไม่เคยถูกคอมเมนท์

คอมเมนท์ทรัพยากรรายการนี้
  คอมเมนท์: ร่างแผนยุทธศาสตร์..
Bib 211461

 
 
 

 Union Library Management : ULibM
Copyright 2026. All Rights Reserved.
скачать бесплатно без регистрации порно красивый секс HD Sex Hindi sex

xxx gou

xxxx

bfxxx

xxxwww

Секса Видео

xxxx

Секса Видео

detube

geilexxx

C99 Shell

worms shell

blod xxx video
Ebony Coed Rihanna Rimes Takes A Dick In Her Young Twat priyaa indian fuck anal and pusssy hardcore indian women xxx desi hardcore fucking part 1 bengalixxxcouple